| 000 | 00760nam a2200253 a 4500 | ||
|---|---|---|---|
| 001 | 77501 | ||
| 003 | BD-RjUL | ||
| 005 | 20211209082958.0 | ||
| 008 | 201004r19221904enk b 000 0 eng d | ||
| 035 | _a(BD-RjUL)77726 | ||
| 040 |
_aBD-RjUL _beng _cBD-RjUL |
||
| 041 | _aeng | ||
| 082 |
_223 _a821.8 _bTEI 1922 |
||
| 100 | 1 |
_aTennyson, Alfred Tennyson, _d1809-1892. _9241732 |
|
| 245 | 1 | 0 |
_aIdylls of the king / _cby Alfred Lord Tennyson |
| 260 |
_aLondon : _bMacmillan, _c1904, [reprinted 1922] |
||
| 300 |
_a421 p. ; _c17 cm. |
||
| 490 | 1 | _aGolden treasury series | |
| 650 |
_aArthurian romances _9241733 |
||
| 650 |
_aKings and rulers _9241734 |
||
| 650 |
_aEnglish poetry _9241735 |
||
| 830 | 0 |
_aGolden treasury series _9241930 |
|
| 942 |
_2ddc _cBK |
||
| 999 |
_c77501 _d77501 |
||